000 01091nam a22002897a 4500
005 20250714171101.0
008 250714b |||||||| |||| 00| 0 eng d
040 _bEnglish
_cURS
_erda
050 _aP118.2
_b.D53 2015
245 _aThe Diagnosis of reading in a second or foreign language /
_cJ. Charles Alderson...[and four others].
264 _aNew York :
_bRoutlede,
_c©2015.
300 _axv, 259 pages :
_billustrations. ;
_c24 cm.
336 _2rdacontent
_atext
_btxt
337 _2rdamedia
_aunmediated
_bn
338 _2rdacarrier
_avolume
_bnc
504 _aIncludes bibliographical references and index.
650 0 _aSecond language acquisition.
_91512
650 0 _aReading.
_96226
650 0 _aLanguage and languages
_xAbility testing.
_96227
650 0 _aLanguage and languages
_xStudy and teaching.
_91200
700 _aAlderson, J. Charles,
_eauthor.
_96228
700 _aHaapakangas, Eeva-Leena,
_eauthor.
_96229
700 _aHuhta, Ari,
_eauthor.
_96230
700 _aNieminen, Lea,
_eauthor.
_96231
700 _aUllakonoja, Riikka,
_eauthor.
_96232
942 _2lcc
_cFR
999 _c83566
_d83565